[Event "VII Famalicao Open 2019"]
[Site "Famalicao"]
[Date "2019.07.30"]
[Round "4.4"]
[White "Petkov, Vladimir"]
[Black "Vassallo Barroche, Mauricio"]
[Result "1/2-1/2"]
[WhiteElo "2497"]
[BlackElo "2380"]
[Annotator "ChessBase"]
[PlyCount "108"]
[EventDate "2019.07.28"]
[EventType "swiss"]
[EventCountry "POR"]
[SourceTitle "playchess.com"]
[Source "ChessBase"]
[SourceQuality "1"]
[TimeControl "5400+30"]

1. d4 {[%emt 0:02:43]} Nf6 {[%emt 0:04:32]} 2. c4 {[%emt 0:02:10]} e6 {[%emt 0:03:12]} 3. Nc3 {[%emt 0:04:53]} d5 {[%emt 0:00:09]} 4. Nf3 {[%emt 0:00:47]} Be7 {[%emt 0:02:41]} 5. g3 {[%emt 0:05:58]} O-O {[%emt 0:03:19]} 6. Bg2 {[%emt 0:00:08]} c6 {[%emt 0:01:45]} 7. Qd3 {[%emt 0:03:32]} dxc4 {[%emt 0:05:05]} 8. Qxc4 {[%emt 0:01:16]} b5 {[%emt 0:00:23]} 9. Qd3 {[%emt 0:01:58]} Ba6 {[%emt 0:02:26]} 10. Ne4 {[%emt 0:05:39]} Nbd7 {[%emt 0:01:58]} 11. O-O {[%emt 0:01:18]} Qb6 {[%emt 0:03:58]} 12. Bg5 {[%emt 0:02:59]} Rfd8 {[%emt 0:06:13]} 13. Qc2 {[%emt 0:00:44]} Rac8 {[%emt 0:09:47]} 14. Ne5 {[%emt 0:04:03]} c5 {[%emt 0:03:18]} 15. Nxd7 {[%emt 0:22:26]} Rxd7 {[%emt 0:00:29]} 16. Bxf6 {[%emt 0:03:01]} cxd4 {[%emt 0:01:59]} 17. Qd2 {[%emt 0:00:35]} Bxf6 {[%emt 0:04:12]} 18. Nxf6+ {[%emt 0:00:57]} gxf6 {[%emt 0:00:02]} 19. Qh6 {[%emt 0:00:19]} Qd8 {[%emt 0:01:01]} 20. Be4 {[%emt 0:00:23]} f5 {[%emt 0:01:13]} 21. Bxf5 {[%emt 0:00:14]} exf5 {[%emt 0:01:50]} 22. Qxa6 {[%emt 0:00:14]} Rc5 {[%emt 0:02:30]} 23. Rfd1 {[%emt 0:03:18]} Qe7 {[%emt 0:04:10]} 24. Rd2 {[%emt 0:03:06]} f4 {[%emt 0:02:57]} 25. Rad1 {[%emt 0:01:47]} fxg3 {[%emt 0:00:34]} 26. hxg3 {[%emt 0:00:06]} Qe4 {[%emt 0:08:49]} 27. Qh6 {[%emt 0:05:50]} Rf5 {[%emt 0:04:32]} 28. Rc1 {[%emt 0:04:31]} Rd8 {[%emt 0:00:45]} 29. b4 {[%emt 0:01:40]} Qe7 {[%emt 0:02:03]} 30. a3 {[%emt 0:01:04]} Re5 {[%emt 0:02:44]} 31. Qf4 {[%emt 0:01:56]} Qd6 {[%emt 0:04:54]} 32. Qg4+ {[%emt 0:05:12]} Kf8 {[%emt 0:00:32]} 33. Rd3 {[%emt 0:02:44]} h5 {[%emt 0:02:10]} 34. Qf3 {[%emt 0:03:02]} Qe7 {[%emt 0:02:21]} 35. Rc2 {[%emt 0:01:40]} h4 {[%emt 0:01:28]} 36. Qf4 {[%emt 0:00:38]} Rxe2 {[%emt 0:04:41]} 37. Qh6+ {[%emt 0:01:46]} Kg8 {[%emt 0:00:07]} 38. Rxe2 {[%emt 0:02:09]} Qxe2 {[%emt 0:00:01]} 39. Qg5+ {[%emt 0:00:08]} Kh7 {[%emt 0:00:00]} 40. Qxh4+ {[%emt 0:00:01]} Kg6 {[%emt 0:00:09]} 41. Rxd4 {[%emt 0:00:35]} Rxd4 {[%emt 0:00:13]} 42. Qxd4 {[%emt 0:00:06]} a6 {[%emt 0:00:58]} 43. Qd6+ {[%emt 0:01:01]} f6 {[%emt 0:01:18]} 44. Qd5 {[%emt 0:00:21]} Kg7 {[%emt 0:00:46]} 45. Kg2 {[%emt 0:00:24]} Qg4 {[%emt 0:00:54]} 46. f3 {[%emt 0:00:55]} Qc8 {[%emt 0:00:08]} 47. g4 {[%emt 0:00:45]} Qc2+ {[%emt 0:00:19]} 48. Kg3 {[%emt 0:00:14]} Qc7+ {[%emt 0:00:18]} 49. f4 {[%emt 0:00:59]} Qc3+ {[%emt 0:00:54]} 50. Kh4 {[%emt 0:00:27]} Qe1+ {[%emt 0:00:15]} 51. Kh5 {[%emt 0:00:25]} Qe8+ {[%emt 0:00:06]} 52. Kh4 {[%emt 0:00:13]} Qe1+ {[%emt 0:00:01]} 53. Kh5 {[%emt 0:01:57]} Qe8+ {[%emt 0:00:05]} 54. Kh4 {[%emt 0:00:06]} Qe1+ 1/2-1/2

[Event "VII Famalicao Open 2019"]
[Site "Famalicao"]
[Date "2019.07.31"]
[Round "4.5"]
[White "Rego, Pedro Filipe"]
[Black "Guimaraes, Alvaro"]
[Result "0-1"]
[WhiteElo "2249"]
[BlackElo "1796"]
[Annotator "TA"]
[PlyCount "72"]
[EventDate "2019.07.28"]
[EventType "swiss"]
[EventCountry "POR"]
[SourceTitle "playchess.com"]
[Source "ChessBase"]
[SourceQuality "1"]

{[%evp 19,172,41,50,27,39,36,47,41,61,29,35,-12,29,17,77,46,45,-7,-7,-7,22,-7,20,0,16,-37,-39,-41,-47,-38,-26,-20,-12,-37,-26,-41,-30,-29,-16,-16,-16,-43,-43,-97,-37,-272,-244,-245,-247,-314,-279,-366,-362,-366,-282,-273,-198,-210,-181,-172,-150,-309,-290,-262,-28,-39,400,-56,-42,-392,-368,-353,0,-143,0,-515,0,-256,-151,-500,-495,-509,0,-347,0,-491,0,-499,-430,-425,-389,-812,-797,-868,-868,-921,-914,-915,-920,-914,-910,-2135,-2109,-29970,-29971,-7120,-6223,-29965,-29966,-29967,-29970,-29982,-1033,-813,0,-29981,-29982,-29984,-29966,-6527,-5724,-3649,-3905,-3462,-3462,-2540,-2306,-2485,-2467,-2397,-2277,-4722,-3014,-4628,-4483,-29972,-29973,-5712,-6070,-29973,-7087,-29981,-29981,-29983,-29981,-29978,-29979,-29978,-29979,-29981,-29982,-29982,-29983,-6721,-6694]} 1. g3 g6 2. Bg2 Bg7 3. c4 d6 4. Nc3 c6 5. d4 Nf6 6. Nf3 O-O 7. O-O Bf5 8. Re1 Qc8 9. e4 Bh3 10. Bh1 h6 11. Qe2 $146 {E62: King's Indian: Fianchetto: 6...c6 and Panno Variation (6...Nc6) without ...a6} ({Predecessor:} 11. Bf4 c5 12. d5 Ng4 13. e5 dxe5 14. Bxe5 Nxe5 15. Nxe5 Nd7 16. Nd3 Nb6 17. Qb3 e6 18. Nf4 exd5 19. Ncxd5 Nxd5 20. Nxd5 {0-1 (78) Nuzhdov,V (1967)-Turbin,V (2059) Novokuznetsk 2013}) 11... Nbd7 12. Be3 Qc7 13. Rad1 {White is slightly better.} Rfe8 14. Qc2 e5 15. Qd2 Kh7 16. d5 c5 (16... a6 $11) 17. Nh4 Ng4 18. f3 (18. Bg2 $14 Bxg2 19. Nxg2 (19. Kxg2 a6 $11)) 18... Nxe3 $11 19. Qxe3 Qd8 20. Qf2 h5 21. a3 a6 22. Ng2 (22. Bg2 $11 Bxg2 23. Nxg2) 22... Nf6 $15 23. Ne3 Bd7 24. Bg2 b5 25. Bf1 {[%cal Rc4b5]} Rb8 26. cxb5 axb5 27. a4 bxa4 28. Nc4 Qc7 29. Ra1 Rb4 30. Qc2 {[%cal Rc3a4]} Ra8 31. Bd3 {[#]} (31. Ra3 $15) 31... Be8 (31... h4 $1 $17 {[%mdl 512]}) 32. f4 $2 (32. h4 $15) 32... exf4 $19 33. gxf4 Ng4 34. Kh1 Qe7 35. Re2 Bd4 36. Rf1 Qh4 {Played: Qe7-f6} 0-1

[Event "VII Famalicao Open 2019"]
[Site "Famalicao"]
[Date "2019.07.30"]
[Round "4.6"]
[White "Silva, Mariana Sofia T."]
[Black "Dantas, Carlos"]
[Result "0-1"]
[WhiteElo "1872"]
[BlackElo "2109"]
[Annotator "TA"]
[PlyCount "98"]
[EventDate "2019.07.28"]
[EventType "swiss"]
[EventCountry "POR"]
[SourceTitle "playchess.com"]
[Source "ChessBase"]
[SourceQuality "1"]

{[%evp 9,98,11,22,5,20,17,32,33,61,39,53,28,91,90,106,63,70,69,59,32,41,36,43,37,43,37,136,33,55,-13,0,-97,-91,-90,-87,-88,-88,-101,-102,-174,-167,-167,-176,-153,0,0,0,0,0,0,0,-68,-65,-100,-100,-101,-101,-96,-58,-75,-65,-118,-52,-70,-34,-34,-34,-34,-8,-77,0,-8,-8,-8,-8,-16,-12,-240,-240,-396,-398,-643,-468,-29979,-29980,-29979,-29980,-29980,-29981,-29979,-29978]} 1. Nf3 d6 2. g3 e5 3. c4 c6 4. Nc3 Nf6 5. Qc2 (5. Bg2 Be7 6. O-O O-O 7. d3 Re8 8. h3 h6 9. e4 Bf8 10. Be3 a6 11. Nd2 Nbd7 12. f4 Nc5 13. Nb3 Ne6 14. f5 Nc7 15. Bb6 Nd7 {1-0 (60) Huzman,A (2577)-Rakhmanov,A (2662) St Petersburg 2016}) 5... Bg4 6. Bg2 {A23: English Opening: 1...e5 2 Nc3 Nf6 3 g3 c6} Qd7 $146 ({Predecessor:} 6... Be7 7. O-O O-O 8. Rd1 Nbd7 9. d4 Qc7 10. b3 Rfe8 11. Bb2 Bf8 12. Nh4 a6 {½-½ (53) Filippova,D (1938)-Borsuk,A (2147) Cheliabinsk 2018}) 7. h3 Be6 8. b3 {White is slightly better.} Na6 {[%cal Bb8a6,Ba6b4,Bb4c6][%mdl 32]} 9. Bb2 Be7 10. d4 exd4 (10... Nb4 $11 11. Qd2 e4) 11. Nxd4 $16 d5 12. cxd5 Nb4 13. Qd2 cxd5 14. Nxe6 fxe6 15. O-O O-O 16. a3 Nc6 17. Rac1 b6 {[#]} (17... Bd6 $14) 18. Nb5 (18. Nxd5 $1 $16 {[%mdl 512]} Nxd5 (18... exd5 19. Bxf6) 19. e4) 18... Rad8 {[%cal Ba8d8,Bd8d2,Bd2c2][%mdl 32]} 19. Nd4 (19. b4 $14) 19... Ne4 $11 20. Bxe4 (20. Qc2 $11 {keeps the balance.} Nxd4 21. Bxd4) 20... dxe4 $17 21. Rxc6 Qxc6 22. Nxc6 Rxd2 23. Nxe7+ Kf7 24. Bc3 (24. Be5 $17 {was worth a try.} Kxe7 25. Bc3 Rxe2 26. Bb4+ Kf7 27. Bxf8 Kxf8 28. a4) 24... Rc2 $1 $19 {[%cal Rc2c3]} ({Worse is} 24... Rxe2 25. Nc6 $14) 25. Bb4 a5 26. Ng6 {[#]} axb4 $2 (26... Rd8 $1 $17 27. Ne5+ Ke8) 27. Nxf8 $11 Kxf8 28. axb4 Rxe2 $17 {[%mdl 4096] Endgame KR-KR} 29. Rc1 $1 e3 30. fxe3 (30. Rc6 $11) 30... Rxe3 $15 {[%mdl 64] Double Attack} 31. Kf2 Rxb3 32. Rc6 Rxb4 33. Rxe6 Rb3 34. Rc6 h6 35. Rc7 ({White should try} 35. h4 $15) 35... Kg8 (35... b5 $17 36. h4 Rb1) 36. h4 h5 37. Rd7 Kh7 38. Rd6 b5 {[%cal Bb6b5,Bb5b4,Bb4b3,Bb3b2][%mdl 32]} 39. Rb6 (39. Kg2 $11 {remains equal.}) 39... g6 (39... b4 $17) 40. Kg2 Kg7 41. Kf2 Kf7 {next ...Kg7 is good for Black.} 42. Kg2 b4 43. Kh2 $2 (43. Kf2 $11) 43... Rb2+ $19 44. Kg1 $2 {[#]} (44. Kh3) 44... b3 $1 45. Kh1 $2 (45. Kf1 Rb1+ 46. Kf2) 45... Ke7 46. Rxg6 (46. Kg1 $19) 46... Rc2 {Black mates.} 47. Rg7+ Kf6 48. Rb7 b2 49. Rb6+ Kf5 {Accuracy: White = 37%, Black = 49%.} 0-1

[Event "VII Famalicao Open 2019"]
[Site "Famalicao"]
[Date "2019.07.30"]
[Round "4.7"]
[White "Forgas Moreno, Yaniela"]
[Black "Spraggett, Kevin"]
[Result "0-1"]
[WhiteElo "2272"]
[BlackElo "2511"]
[Annotator "TA"]
[PlyCount "78"]
[EventDate "2019.07.28"]
[EventType "swiss"]
[EventCountry "POR"]
[SourceTitle "playchess.com"]
[Source "ChessBase"]
[SourceQuality "1"]

{[%evp 10,92,25,3,19,15,14,19,34,-6,0,-5,-9,-15,-16,-9,0,0,0,-13,-12,-13,14,8,29,28,19,-10,-7,-132,-124,-131,-116,-116,-111,-146,-147,-156,-152,-157,-158,-164,-131,-245,-230,-271,-264,-270,-275,-256,-266,-318,-310,-279,-278,-335,-327,-333,-316,-308,-187,-277,-275,-461,-451,-503,-495,-632,-638,-822,-661,-894,-884,-1075,-1072,-1152,-1133,-2045,-2657,-29979,-29981,-29982,-29983,-5477,-2332]} 1. e4 c5 2. Nc3 a6 3. g3 b5 4. Bg2 Bb7 5. d3 e6 6. Nh3 Nf6 $146 {B23: Closed Sicilian: Lines without g3} (6... b4 7. Ne2 d5 8. e5 Nc6 9. f4 Nh6 10. Nf2 Nf5 11. O-O Qb6 12. c3 Be7 13. g4 Nh4 14. Bh1 {0-1 (35) Yu,Y (2738)-Khismatullin,D (2639) Moscow 2017}) 7. O-O d6 8. f4 b4 {The position is equal.} 9. Nb1 Nc6 10. a3 a5 {[%cal Ba6a5,Ba5b4][%mdl 32]} 11. axb4 axb4 12. Rxa8 Qxa8 13. Nd2 Be7 14. Nc4 {Threatening e5.} O-O 15. Ne3 g6 16. g4 Re8 17. g5 Nd7 18. f5 exf5 19. Nd5 {[#]} (19. exf5 $11 Nd4 20. Bxb7 Qxb7 21. f6) 19... Bd8 $1 $17 20. Nhf4 fxe4 21. Bxe4 Nce5 ({Don't play} 21... Bxg5 $6 22. Qg4 $11) 22. h4 Nb6 23. Nxb6 Bxb6 24. Bxb7 Qxb7 25. Kh2 Bd8 26. b3 {[#]} (26. c4 $17 {keeps fighting.}) 26... h6 $1 $19 {[%mdl 512]} 27. Nh3 (27. gxh6 Bxh4) 27... h5 28. Kg3 d5 29. Re1 Qd7 30. Bf4 Nc6 31. Rxe8+ Qxe8 32. Qf3 Qd7 33. Be3 Ne5 34. Qe2 Be7 35. Bf4 (35. Kg2 {was called for.}) 35... Nc6 36. Kh2 $2 (36. Be3) 36... Nd4 37. Qf2 Qg4 {Strongly threatening ...Nf3+.} 38. Ng1 {[#]} Nxc2 $1 {[%mdl 512]} 39. Ne2 (39. Qxc2 Qxf4+) 39... c4 {Played: Qg4-f5} 0-1

[Event "VII Famalicao Open 2019"]
[Site "Famalicao"]
[Date "2019.07.30"]
[Round "4.8"]
[White "Martins, Diogo Faria Oliveira"]
[Black "Fernandes, Antonio"]
[Result "0-1"]
[WhiteElo "1984"]
[BlackElo "2376"]
[Annotator "TA"]
[PlyCount "62"]
[EventDate "2019.07.28"]
[EventType "swiss"]
[EventCountry "POR"]
[SourceTitle "playchess.com"]
[Source "ChessBase"]
[SourceQuality "1"]

{[%evp 18,62,43,42,85,48,70,12,60,10,52,23,0,0,0,0,0,0,0,0,-3,0,0,-343,-330,-376,-378,-347,-159,-252,-118,-110,-31,-132,-143,-143,-146,-234,-241,-270,-281,-796,-768,-1164,-1142,-1154,-826]} 1. e4 c6 2. d4 d6 3. a4 Nf6 4. Nc3 g6 5. Nf3 Bg7 6. h3 O-O 7. Be3 Qc7 8. a5 e5 9. dxe5 dxe5 10. Bc4 h6 {B08: Pirc Defence: Classical System} (10... Nh5 11. O-O Nf4 12. Re1 Be6 13. Bf1 h6 14. Ne2 Nd7 15. Qd2 g5 16. Ng3 Rfd8 17. Qc3 Nf8 18. Red1 {½-½ (31) Zhigalko,S (2604)-Andreikin,D (2719) St Petersburg 2018}) 11. Qb1 $146 ({Predecessor:} 11. Qd2 Kh7 12. O-O Re8 13. Rfd1 Be6 14. Bxe6 Rxe6 15. Qd8 Qxd8 16. Rxd8 Re8 17. Rad1 Na6 18. Rxe8 Rxe8 19. Bxa7 {1-0 (32) Sharafiev,A (2433)-Selin,V (2322) Sochi 2017}) 11... Nh5 12. g3 (12. Qc1 $14) 12... Qe7 {The position is equal.} 13. b4 Qf6 (13... Be6 $5 {[%cal Re6c4]} 14. Qb3 Na6 $11) 14. Nd2 Rd8 15. Qb3 Nf4 16. gxf4 exf4 17. Bc5 $1 {Threatening Ra3.} ({Much weaker is} 17. e5 Qxe5 18. O-O-O fxe3 $17) 17... Qxc3 18. Bxf7+ Kh7 19. Qxc3 Bxc3 20. Rd1 $2 {[%mdl 8192] [#]} (20. O-O-O $11 {and White is okay.}) 20... b6 $1 $19 {[%mdl 512]} 21. axb6 axb6 22. Bxb6 Bxd2+ ({Resist} 22... Rxd2 23. Rxd2 f3 24. O-O $19 (24. Ba5 $2 Na6 $19)) (22... Rd7 $19 {has better winning chances.} 23. Bb3 Bxd2+ 24. Ke2 Bxb4) 23. Kf1 (23. Ke2 $17 {was necessary.} Rd7 24. Bxg6+ Kxg6 25. Rxd2) 23... Ba6+ (23... Rd7 $19 {is more deadly.} 24. Be6 Bxb4 25. Bxd7 Nxd7) 24. Kg2 $17 f3+ (24... Rd7 $17 25. Be6 Rb7 26. Rxd2 Rxb6) 25. Kxf3 (25. Kg3 $1 $15 Rd7 26. Be8) 25... Rf8 26. Rxd2 Rxf7+ 27. Ke3 (27. Kg3 $17 {was worth a try.}) 27... Nd7 $19 28. Bd4 Raf8 {[%csl Gf8][%cal Rf7f3] [#]} 29. Bc5 $2 (29. f4) 29... Nxc5 {Black is clearly winning.} 30. bxc5 Rf3+ 31. Kd4 Rd8+ {Accuracy: White = 28%, Black = 31%.} 0-1

[Event "VII Famalicao Open 2019"]
[Site "Famalicao"]
[Date "2019.07.30"]
[Round "4.9"]
[White "Dumont, Andre"]
[Black "Fidalgo, Andre Neves"]
[Result "0-1"]
[WhiteElo "1948"]
[BlackElo "2262"]
[Annotator "RC"]
[PlyCount "48"]
[EventDate "2019.07.28"]
[EventType "swiss"]
[EventCountry "POR"]
[SourceTitle "playchess.com"]
[Source "ChessBase"]
[SourceQuality "1"]
[TimeControl "5400+30"]

1. d4 {[%emt 0:03:30]} Nf6 {[%emt 0:00:00]} 2. Nf3 {[%emt 0:00:09]} g6 {[%emt 0:00:06]} 3. b3 {[%emt 0:00:23]} c5 {[%emt 0:00:42]} 4. e3 {[%emt 0:00:01]} cxd4 {[%emt 0:00:36]} 5. exd4 {[%emt 0:00:02]} Bg7 {[%emt 0:00:11]} 6. Bb2 {[%emt 0:00:01]} d5 {[%emt 0:00:10]} 7. Be2 {[%emt 0:01:28]} O-O {[%emt 0:00:07]} 8. O-O {[%emt 0:00:02]} Nc6 {[%emt 0:00:11]} 9. Nbd2 {[%emt 0:00:42]} Bf5 {[%emt 0:03:32]} 10. a3 {[%emt 0:01:01]} Rc8 {[%emt 0:01:06]} 11. Rc1 {[%emt 0:00:23]} Ne4 {[%emt 0:05:27]} 12. c4 {[%emt 0:09:40]} dxc4 {[%emt 0:03:50]} 13. Nxc4 {[%emt 0:01:08]} Be6 {[%emt 0:10:30]} 14. b4 {[%emt 0:13:55]} Bxc4 15. Bxc4 {[%emt 0:04:59]} e6 {[%emt 0:19:54]} 16. Ne5 {[%emt 0:05:53]} Nxe5 {[%emt 0:04:33]} 17. dxe5 {[%emt 0:00:08]} Nd2 {[%emt 0:00:05]} 18. Bxe6 {[%emt 0:07:33]} Rxc1 {[%emt 0:02:17]} 19. Bxf7+ {[%emt 0:00:59]} Kxf7 {[%emt 0:13:25]} 20. Qxc1 {[%emt 0:05:41]} Nxf1 {[%emt 0:00:42]} 21. Qc4+ {[%emt 0:01:01]} Ke8 {[%emt 0:01:55]} 22. Qb5+ {[%emt 0:05:29]} Qd7 {[%emt 0:00:07]} 23. Qxd7+ {[%emt 0:00:38]} Kxd7 {[%emt 0:00:06]} 24. e6+ {[%emt 0:00:04]} Ke7 {[%emt 0:00:26]} 0-1

[Event "VII Famalicao Open 2019"]
[Site "Famalicao"]
[Date "2019.07.30"]
[Round "4.10"]
[White "Monteiro, Jose Macedo"]
[Black "Leonardo, Joao"]
[Result "1-0"]
[WhiteElo "1851"]
[BlackElo "2227"]
[Annotator "TA"]
[PlyCount "83"]
[EventDate "2019.07.28"]
[EventType "swiss"]
[EventCountry "POR"]
[SourceTitle "playchess.com"]
[Source "ChessBase"]
[SourceQuality "1"]

{[%evp 9,83,58,86,70,84,83,82,20,83,83,75,84,118,32,87,0,11,0,6,5,21,3,0,2,20,45,35,-257,-264,-285,-252,-286,-263,-323,-321,-308,-314,-359,-304,-360,-352,-345,-340,-336,-313,-362,-270,-482,-340,-331,-273,-487,-445,-452,-237,-260,0,0,0,8,615,601,893,893,877,863,794,650,593,593,566,199,1325,1246,901,858]} 1. e4 g6 2. f4 Bg7 3. Nf3 d5 4. e5 Bg4 5. d4 h5 6. h3 {B06: Modern Defence} Bxf3 7. Qxf3 ({But not} 7. gxf3 Nh6 $15) 7... c6 8. g4 $146 ({White should try} 8. Bd3 $16) ({Predecessor:} 8. Be3 h4 9. Bd3 e6 10. b3 Nh6 11. O-O Nf5 12. Bxf5 gxf5 13. Nd2 Nd7 14. Bf2 {½-½ (62) Kosteniuk,A (2525)-Berezina,I (2252) Beijing 2008}) 8... hxg4 (8... e6 $11) 9. hxg4 $16 Rxh1 10. Qxh1 e6 11. Qh7 (11. Nd2 $16) 11... Kf8 ({Better is} 11... Nh6 $1 $14) 12. Bd2 (12. Nd2 $1 $16) 12... Qb6 $11 13. Nc3 Qxd4 14. O-O-O Nd7 15. Bd3 Nc5 16. Be2 Ne7 17. Qh3 Nd7 18. Be1 $2 {[%mdl 8192]} (18. Be3 $14 {keeps the upper hand.} Qb4 19. Qh4) 18... Qxf4+ $19 19. Bd2 Qxe5 {Hoping for ...d4.} 20. Qf3 Qf6 21. Qg3 e5 22. Rf1 Qe6 23. Nd1 e4 24. Qb3 Nc5 25. Qa3 b6 26. Bb4 Kg8 27. Ne3 a5 28. g5 $2 (28. Bxc5 {only move.} bxc5 29. Qxc5) 28... Nf5 29. Bg4 Qe5 30. Bxc5 $2 (30. Bxf5 {was the only defense.} Rb8 31. Be1 gxf5 32. Nxf5) 30... bxc5 31. Bxf5 gxf5 (31... Rb8 $142 32. Ng4 Qxb2+ 33. Qxb2 Bxb2+ 34. Kd1 gxf5 35. Nh6+ Kg7 36. Nxf5+ Kg6 37. Ne7+ Kxg5 38. Nxc6 Rb7 39. Nxa5 Rc7 40. Rg1+ Kf4 41. Rf1+ Ke5) 32. Nxf5 d4 $2 {[#]} (32... Rb8 $19 {[%cal Rb8b2]} 33. Qxc5 Qxb2+ 34. Kd1 Bf8 35. Nh6+ Bxh6 36. gxh6 Qe5) 33. g6 $1 $11 {[%mdl 512] Qh3 is the strong threat.} Ra7 {Threatens to win with ...e3.} (33... fxg6 34. Qb3+) 34. Qb3 {[#] aiming for Qb6.} c4 $2 {[%mdl 8192] [#]} (34... d3 $1 $11) 35. Qb6 $1 $18 {[%cal Rb6a7][%mdl 64] Double Attack} Rd7 {White must now prevent ...d3.} 36. Qxc6 {[%mdl 64] Double Attack} Qc7 37. Qxe4 {Intending Qe8+ and mate.} Qd8 38. Kb1 d3 39. cxd3 cxd3 {and the idea ...d2 leaves Black hopeful.} 40. Nxg7 $2 (40. Qg4 {Threatening mate with gxf7+.} f6 41. Qc4+ Kf8 {[#]} 42. Nd4 $1 {[%mdl 512]}) 40... Kxg7 $2 (40... d2 41. gxf7+ Rxf7) 41. gxf7 Rxf7 42. Qe5+ {Accuracy: White = 40%, Black = 41%.} 1-0

[Event "VII Famalicao Open 2019"]
[Site "Famalicao"]
[Date "2019.07.30"]
[Round "4.11"]
[White "Pinho, Paulo"]
[Black "Ribeiro, Bruno"]
[Result "1-0"]
[WhiteElo "2200"]
[BlackElo "2102"]
[Annotator "ChessBase"]
[PlyCount "63"]
[EventDate "2019.07.28"]
[EventType "swiss"]
[EventCountry "POR"]
[SourceTitle "playchess.com"]
[Source "ChessBase"]
[SourceQuality "1"]
[TimeControl "5400+30"]

1. d4 {[%emt 0:00:00]} d5 {[%emt 0:00:00]} 2. Nf3 {[%emt 0:00:05]} Nf6 {[%emt 0:00:00]} 3. c4 {[%emt 0:00:52]} e6 {[%emt 0:00:08]} 4. g3 {[%emt 0:02:01]} c6 {[%emt 0:00:16]} 5. Bg2 {[%emt 0:00:38]} Be7 {[%emt 0:00:28]} 6. O-O {[%emt 0:00:14]} O-O {[%emt 0:00:04]} 7. Qc2 {[%emt 0:03:16]} b6 {[%emt 0:00:13]} 8. Rd1 {[%emt 0:00:16]} Bb7 {[%emt 0:00:37]} 9. b3 {[%emt 0:02:03]} Na6 {[%emt 0:00:24]} 10. Nc3 {[%emt 0:00:24]} Nb4 {[%emt 0:05:27]} 11. Qb1 {[%emt 0:00:49]} c5 {[%emt 0:02:25]} 12. a3 {[%emt 0:16:42]} Na6 {[%emt 0:26:30]} 13. Bb2 {[%emt 0:07:24]} Nc7 {[%emt 0:01:09]} 14. cxd5 {[%emt 0:03:45]} exd5 {[%emt 0:05:34]} 15. e4 {[%emt 0:07:57]} Nxe4 {[%emt 0:08:32]} 16. Nxe4 {[%emt 0:00:09]} dxe4 {[%emt 0:00:09]} 17. dxc5 {[%emt 0:00:05]} Qc8 {[%emt 0:00:54]} 18. Ne5 {[%emt 0:08:38]} e3 {[%emt 0:05:49]} 19. c6 {[%emt 0:05:47]} exf2+ {[%emt 0:00:57]} 20. Kh1 {[%emt 0:07:49]} Ba6 {[%emt 0:01:11]} 21. Qc2 {[%emt 0:03:58]} f1=Q+ {[%emt 0:04:49]} 22. Bxf1 {[%emt 0:05:17]} Bxf1 {[%emt 0:00:44]} 23. Rxf1 {[%emt 0:00:04]} Ne6 {[%emt 0:12:46]} 24. Qc4 {[%emt 0:07:31]} Bd6 {[%emt 0:06:52]} 25. Nd7 {[%emt 0:04:30]} Bc5 {[%emt 0:00:49]} 26. Qd5 {[%emt 0:02:22]} Re8 {[%emt 0:01:25]} 27. b4 {[%emt 0:01:50]} Bf8 {[%emt 0:01:11]} 28. b5 {[%emt 0:00:17]} Qd8 {[%emt 0:00:44]} 29. Qh5 {[%emt 0:03:08]} Re7 {[%emt 0:01:49]} 30. Rad1 {[%emt 0:00:13]} Qc8 {[%emt 0:01:51]} 31. Be5 {[%emt 0:02:34]} Nd8 {[%emt 0:01:27]} 32. Nxf8 {[%emt 0:01:18]} 1-0

[Event "VII Famalicao Open 2019"]
[Site "Famalicao"]
[Date "2019.07.30"]
[Round "4.12"]
[White "Santos, Jose Guilherme B Lim"]
[Black "Demyanchuk, Sergey"]
[Result "1-0"]
[WhiteElo "2155"]
[BlackElo "1836"]
[Annotator "RC"]
[PlyCount "73"]
[EventDate "2019.07.28"]
[EventType "swiss"]
[EventCountry "POR"]
[SourceTitle "playchess.com"]
[Source "ChessBase"]
[SourceQuality "1"]
[TimeControl "5400+30"]

1. Nf3 {[%emt 0:00:00]} d5 {[%emt 0:00:50]} 2. g3 {[%emt 0:00:00]} Nf6 {[%emt 0:00:06]} 3. Bg2 {[%emt 0:00:00]} e6 {[%emt 0:00:12]} 4. O-O {[%emt 0:00:47]} Be7 {[%emt 0:00:12]} 5. c4 {[%emt 0:01:08]} c6 {[%emt 0:00:14]} 6. b3 {[%emt 0:00:53]} O-O {[%emt 0:00:08]} 7. Bb2 {[%emt 0:00:04]} Nbd7 {[%emt 0:00:18]} 8. d3 {[%emt 0:00:57]} b6 {[%emt 0:00:17]} 9. Qc2 {[%emt 0:08:42]} Bb7 {[%emt 0:00:39]} 10. e4 {[%emt 0:02:07]} Rc8 {[%emt 0:02:29]} 11. e5 {[%emt 0:04:09]} Ng4 {[%emt 0:00:31]} 12. h3 {[%emt 0:06:01]} Nh6 {[%emt 0:00:16]} 13. g4 {[%emt 0:02:35]} f5 {[%emt 0:02:14]} 14. Nd4 {[%emt 0:08:29]} Nxe5 {[%emt 0:03:58]} 15. Nxe6 {[%emt 0:01:13]} Qd6 {[%emt 0:00:11]} 16. Nxf8 {[%emt 0:01:36]} Rxf8 {[%emt 0:01:08]} 17. f4 {[%emt 0:06:27]} Ng6 {[%emt 0:11:54]} 18. g5 {[%emt 0:01:52]} Nf7 {[%emt 0:00:13]} 19. Qf2 {[%emt 0:00:23]} dxc4 {[%emt 0:00:35]} 20. dxc4 {[%emt 0:03:23]} Qd3 {[%emt 0:00:17]} 21. Qd2 {[%emt 0:10:39]} Bc5+ {[%emt 0:00:46]} 22. Kh1 {[%emt 0:01:17]} Qg3 {[%emt 0:00:49]} 23. Rf3 {[%emt 0:01:29]} Qh4 {[%emt 0:00:15]} 24. Qc3 {[%emt 0:00:11]} Nge5 {[%emt 0:01:46]} 25. fxe5 {[%emt 0:01:06]} Nxg5 {[%emt 0:00:16]} 26. Nd2 {[%emt 0:05:42]} Nxf3 {[%emt 0:01:04]} 27. Nxf3 {[%emt 0:00:05]} Qh6 {[%emt 0:02:45]} 28. Rd1 {[%emt 0:00:51]} f4 {[%emt 0:01:41]} 29. b4 {[%emt 0:01:49]} Be7 {[%emt 0:04:16]} 30. Rd7 {[%emt 0:00:54]} Bc8 {[%emt 0:00:12]} 31. Rxe7 {[%emt 0:00:31]} Bxh3 {[%emt 0:00:27]} 32. Kg1 {[%emt 0:02:34]} Bxg2 {[%emt 0:00:42]} 33. Kxg2 {[%emt 0:00:06]} Qg6+ {[%emt 0:00:25]} 34. Kf1 {[%emt 0:00:40]} Qg3 {[%emt 0:01:30]} 35. e6 {[%emt 0:01:32]} Qh3+ {[%emt 0:00:45]} 36. Ke1 {[%emt 0:00:27]} Qh1+ {[%emt 0:01:17]} 37. Kf2 {[%emt 0:00:34]} 1-0